<?xml version="1.0" encoding="UTF-8"?>
<collection xmlns="http://www.loc.gov/MARC21/slim">
 <record>
  <leader>06112nam a2200385 a 4500</leader>
  <controlfield tag="001">kal5890</controlfield>
  <controlfield tag="003">Gr-AtHEAL</controlfield>
  <controlfield tag="005">20160506103903.0</controlfield>
  <controlfield tag="006">m        d        </controlfield>
  <controlfield tag="008">160413s2015    gr      s           gre|c</controlfield>
  <datafield tag="020" ind1=" " ind2=" ">
   <subfield code="a">9789606032387</subfield>
  </datafield>
  <datafield tag="040" ind1=" " ind2=" ">
   <subfield code="a">GR-AtHEAL</subfield>
   <subfield code="b">gre</subfield>
   <subfield code="c">GR-AtHEAL</subfield>
  </datafield>
  <datafield tag="082" ind1="0" ind2="4">
   <subfield code="a">629.8</subfield>
   <subfield code="2">23</subfield>
  </datafield>
  <datafield tag="100" ind1="1" ind2=" ">
   <subfield code="a">Χασάπης Γεώργιος.</subfield>
   <subfield code="8">248</subfield>
  </datafield>
  <datafield tag="245" ind1="1" ind2="0">
   <subfield code="a">Μηχανική λογισμικού συστημάτων βιομηχανικού ελέγχου</subfield>
   <subfield code="h">[Ηλεκτρονικός πόρος] </subfield>
   <subfield code="c">Χασάπης, Γεώργιος ; Κριτικός αναγνώστης,Βέντζας, Δημήτριος ; Γλωσσική επιμέλεια,Σοφία, Σέγκουλη ; Γραφιστική επιμέλεια,Χασάπη, Αικατερίνη ; Τεχνική επιμέλεια,Καρακώστας, Αναστάσιος ; .</subfield>
  </datafield>
  <datafield tag="260" ind1=" " ind2=" ">
   <subfield code="a">Αθήνα :</subfield>
   <subfield code="b">Σύνδεσμος Ελληνικών Ακαδημαϊκών Βιβλιοθηκών,</subfield>
   <subfield code="c">c2015.</subfield>
  </datafield>
  <datafield tag="490" ind1=" " ind2=" ">
   <subfield code="a">Ακαδημαϊκά Ηλεκτρονικά Συγγράμματα και Βοηθήματα Κάλλιπος</subfield>
   <subfield code="8">40</subfield>
  </datafield>
  <datafield tag="520" ind1=" " ind2=" ">
   <subfield code="a">Γενικά η σχεδίαση και ανάπτυξη συστημάτων βιομηχανικού αυτοματισμού και ελέγχου παραγωγής μπορεί να διαχωρισθεί σε δυο φάσεις. Αυτή της εύρεσης των στρατηγικών ελέγχου και των μαθηματικών και ευρηματικών αλγορίθμων που θα υλοποιήσουν τις στρατηγικές αυτές και αυτή της σχεδίασης εξειδικευμένων δικτύων έξυπνων οργάνων και υπολογιστών και της ανάπτυξης του σχετικού λογισμικού που θα πραγματοποιεί τις παραπάνω στρατηγικές και αλγορίθμους. Η πρώτη δραστηριότητα καλύπτεται από τα γνωστικά αντικείμενα της θεωρίας των συστημάτων αυτομάτου ελέγχου, επιχειρησιακής έρευνας και θεωριών βελτιστοποίησης ενώ η δεύτερη από ένα κλάδο της μηχανικής και επιστήμης των υπολογιστών που επικεντρώνεται αφενός στη σχεδίαση του υλικού εξειδικευμένων υπολογιστικών συστημάτων ελέγχου και αφετέρου στην εξεύρεση μεθόδων και γλωσσών ανάπτυξης του λογισμικού των συστημάτων αυτών. Το προτεινόμενο σύγγραμα απευθύνεται τόσο σε προπτυχιακούς φοιτητές Σχολών Ηλεκτρολόγων Μηχανικών και Μηχανικών Υπολογιστών, Μηχανολόγων Μηχανικών, Χημικών Μηχανικών και Μηχανικών Υπολογιστών και Πληροφορικής όσο και σε επαγγελματίες μηχανικούς και άλλους αποφοίτους σχολών θετικών επιστημών που επιθυμούν να μάθουν πως να σχεδιάζουν και να προγραμματίζουν αυτά τα εξειδικευμένα δίκτυα έξυπνων οργάνων και υπολογιστών. Οι παραπάνω φοιτητές, επαγγελματίες μηχανικοί και επιστήμονες θα μάθουν: (α) πως να σχεδιάζουν την αρχιτεκτονική του λογισμικού αυτών των εξειδικευμένων δικτύων οδηγούμενων είτε από γεγονότα (event driven) ή ακολουθώντας την πιο παραδοσιακή τεχνική του κυκλικού εκτελεστικού(cyclic executive) που προσφέρεται εμπορικά από τις εξειδικευμένες υπολογιστικές μονάδες που αποκαλούνται Προγραμματιζόμενοι Λογικοί Ελεγκτές, (β) τις μεθοδολογίες ανάπτυξης λογισμικού και τις σχετικές γλώσσες προγραμματισμού στρατηγικών και αλγορίθμων ελέγχου όπως αυτές έχουν τυποποιηθεί με τα πρότυπα IEC 61131-3 και IEC 61499.</subfield>
  </datafield>
  <datafield tag="650" ind1=" " ind2="0">
   <subfield code="a">Automatic control</subfield>
   <subfield code="8">2589</subfield>
  </datafield>
  <datafield tag="650" ind1=" " ind2="0">
   <subfield code="a">Industrial engineering</subfield>
   <subfield code="8">2818</subfield>
  </datafield>
  <datafield tag="653" ind1=" " ind2=" ">
   <subfield code="a">Δικτυακά συστήματα ελέγχου</subfield>
  </datafield>
  <datafield tag="653" ind1=" " ind2=" ">
   <subfield code="a">Βιομηχανικά δίκτυα υπολογιστών</subfield>
  </datafield>
  <datafield tag="653" ind1=" " ind2=" ">
   <subfield code="a">Μηχανική λογισμικού ελέγχου</subfield>
  </datafield>
  <datafield tag="653" ind1=" " ind2=" ">
   <subfield code="a">Συστήματα εποπτικού ελέγχου και συλλογής δεδομένων</subfield>
  </datafield>
  <datafield tag="653" ind1=" " ind2=" ">
   <subfield code="a">Κατανεμημένα συστήματα ελέγχου</subfield>
  </datafield>
  <datafield tag="653" ind1=" " ind2=" ">
   <subfield code="a">Προγραμματιζόμενοι λογικοί ελεγκτές</subfield>
  </datafield>
  <datafield tag="653" ind1=" " ind2=" ">
   <subfield code="a">Βιομηχανικοί αυτοματισμοί</subfield>
  </datafield>
  <datafield tag="653" ind1=" " ind2=" ">
   <subfield code="a">Τεχνολογία και επιστήμες μηχανικών</subfield>
   <subfield code="a">Τεχνολογία και μηχανική οργάνων μέτρησης και ελέγχου</subfield>
   <subfield code="a">Μηχανική αυτόματου ελέγχου</subfield>
  </datafield>
  <datafield tag="653" ind1=" " ind2=" ">
   <subfield code="a">Επιστήμη υπολογιστών/πληροφορική</subfield>
   <subfield code="a">Αρχές ανάπτυξης λογισμικού</subfield>
  </datafield>
  <datafield tag="700" ind1="1" ind2=" ">
   <subfield code="a">Βέντζας, Δημήτριος</subfield>
   <subfield code="e">Κριτικός αναγνώστης</subfield>
   <subfield code="8">262</subfield>
  </datafield>
  <datafield tag="856" ind1="4" ind2="0">
   <subfield code="u">http://hdl.handle.net/11419/5890</subfield>
   <subfield code="z">Πλήρες Κείμενο - Full text</subfield>
  </datafield>
  <datafield tag="907" ind1=" " ind2=" ">
   <subfield code="a">.b25678942</subfield>
   <subfield code="b">12-06-18</subfield>
   <subfield code="c">29-07-16</subfield>
  </datafield>
  <datafield tag="949" ind1=" " ind2=" ">
   <subfield code="0">0</subfield>
   <subfield code="1">0</subfield>
   <subfield code="2">ddc</subfield>
   <subfield code="4">0</subfield>
   <subfield code="6">629_800000000000000_ΧΑΣ</subfield>
   <subfield code="7">0</subfield>
   <subfield code="8">KALL</subfield>
   <subfield code="8">653</subfield>
   <subfield code="d">2016-04-13</subfield>
   <subfield code="r">2016-04-13</subfield>
   <subfield code="w">2016-04-13</subfield>
   <subfield code="z">629.8 ΧΑΣ</subfield>
   <subfield code="o">SEAB KALLIPOS</subfield>
  </datafield>
  <datafield tag="998" ind1=" " ind2=" ">
   <subfield code="a">80</subfield>
   <subfield code="a">01</subfield>
   <subfield code="a">02</subfield>
   <subfield code="a">03</subfield>
   <subfield code="a">04</subfield>
   <subfield code="a">05</subfield>
   <subfield code="a">06</subfield>
   <subfield code="a">07</subfield>
   <subfield code="a">08</subfield>
   <subfield code="a">09</subfield>
   <subfield code="a">10</subfield>
   <subfield code="a">11</subfield>
   <subfield code="a">12</subfield>
   <subfield code="a">13</subfield>
   <subfield code="a">14</subfield>
   <subfield code="a">15</subfield>
   <subfield code="a">16</subfield>
   <subfield code="a">17</subfield>
   <subfield code="a">18</subfield>
   <subfield code="a">19</subfield>
   <subfield code="a">20</subfield>
   <subfield code="a">21</subfield>
   <subfield code="a">22</subfield>
   <subfield code="a">23</subfield>
   <subfield code="a">24</subfield>
   <subfield code="a">25</subfield>
   <subfield code="a">26</subfield>
   <subfield code="b">10-05-17</subfield>
   <subfield code="c">m</subfield>
   <subfield code="d">z  </subfield>
   <subfield code="e">-</subfield>
   <subfield code="f">gre</subfield>
   <subfield code="g">gr </subfield>
   <subfield code="h">0</subfield>
  </datafield>
  <datafield tag="942" ind1=" " ind2=" ">
   <subfield code="2">ddc</subfield>
   <subfield code="c">KALLIPOS</subfield>
  </datafield>
 </record>
</collection>
